| 000 | 01172nam a22003617a 4500 | ||
|---|---|---|---|
| 001 | 785018 | ||
| 003 | DO-SdBPM | ||
| 005 | 20251031104729.0 | ||
| 007 | ta | ||
| 008 | 020607s1999 sp | ||| ||spa | ||
| 020 | _a8481301213 | ||
| 040 |
_aDO-SdBPM _bspa _cBPMSU _erda |
||
| 041 | 1 | _aspa | |
| 082 | 4 |
_a813.5 _bH488a 1999 _222 |
|
| 100 | 1 |
_aHemingway, Ernest _d1899-1961 _eautor _934 |
|
| 240 | 1 | 2 |
_aA farewell to arms _lEspañol |
| 245 | 1 | 0 |
_aAdiós a las armas / _cErnest Hemingway ; prólogo Javier Reverte ; traducción de Joana M. Vda. de Horta y Joaquim Horta |
| 260 | _a | ||
| 264 |
_aMadrid _bMilenium _c1999 |
||
| 300 |
_a318 página ; _c22 cm. |
||
| 336 |
_atexto _btxt _2rdacontent |
||
| 337 |
_asin mediación _bn _2rdamedia |
||
| 338 |
_avolumen _bnc _2rda |
||
| 490 | 0 |
_aBiblioteca el mundo; _aLas 100 joyas del Milenium, _v7 |
|
| 590 | _aInventariado, 2025/VM | ||
| 650 | 7 | _aNovela estadounidense | |
| 650 | 7 | _aNovela amorosa | |
| 650 | 7 |
_aPrimera Guerra Mundial, (1914-1918) _vNovela |
|
| 700 | 1 |
_aReverte, Javier _eprólogo |
|
| 700 | 1 |
_aHorta, Joaquim _etraducción |
|
| 910 | _aVMateo V. Control de calidad. BPMSU | ||
| 942 |
_2ddc _cBK |
||
| 999 |
_c8680 _d8680 |
||